[Event "Women's Speed Chess Q7"]
[Site "chess.com INT"]
[Date "2021.06.06"]
[Round "8"]
[White "Zhou, Qiyu"]
[Black "Kabanova, Ekaterina"]
[Result "1-0"]
[WhiteTitle "FM"]
[BlackTitle "WFM"]
[WhiteElo "2229"]
[BlackElo "2138"]
[WhiteFideId "505161"]
[BlackFideId "24112917"]
[EventDate "2021.06.06"]

1. e4 c5 2. Nf3 e6 3. d4 cxd4 4. Nxd4 a6 5. c4 Qc7 6. Nc3 b6 7. a3 Bb7 8. Be3
Nf6 9. f3 d6 10. Be2 Nbd7 11. O-O Be7 12. b4 Rc8 13. Rc1 O-O 14. Qd2 Rfe8 15.
Rc2 h6 16. Rb1 Qb8 17. Na4 Bd8 18. Kh1 Bc7 19. Bg1 Kh7 20. c5 bxc5 21. bxc5 dxc5
22. Nxc5 Nxc5 23. Rxc5 Qa8 24. e5 Nd5 25. Bd3+ Kg8 26. f4 Bd8 27. Rxc8 Bxc8 28.
Be4 Bd7 29. Nf5 exf5 30. Bxd5 Bc6 31. Rd1 Bxd5 32. Qxd5 Qc8 33. Qd7 Be7 34. a4
Kf8 35. h3 Qxd7 36. Rxd7 Ra8 37. Bb6 Bb4 38. a5 Ke8 39. Rc7 g6 40. Kg1 h5 41.
Kf1 Bd2 42. g3 h4 43. Kg2 Be1 44. gxh4 Bxh4 45. Kf3 Bd8 46. Rc6 Bxb6 47. Rxb6
Kd7 48. Rb7+ Ke6 49. Ke3 Kd5 50. Rxf7 Rb8 51. Rd7+ Ke6 52. Rd6+ Kf7 53. Rxa6
Rb3+ 54. Kd4 Rxh3 55. Rf6+ Ke7 56. a6 Rf3 57. a7 Rxf4+ 58. Kc5 Ra4 59. Rxg6 Ra5+
60. Kb6 Rxa7 61. Kxa7 Kf7 62. Rf6+ Ke7 63. Rxf5 Ke6 64. Rh5 1-0

[Event "Women's Speed Chess Q7"]
[Site "chess.com INT"]
[Date "2021.06.06"]
[Round "8"]
[White "Garifullina, Leya"]
[Black "Head, Louise"]
[Result "1-0"]
[WhiteTitle "WGM"]
[BlackTitle "WFM"]
[WhiteElo "2399"]
[BlackElo "2090"]
[WhiteFideId "34127035"]
[BlackFideId "424773"]
[EventDate "2021.06.06"]

1. e4 c6 2. d4 d5 3. e5 c5 4. dxc5 e6 5. a3 Bxc5 6. b4 Bb6 7. Bb2 Ne7 8. Qg4 Ng6
9. Bd3 Qh4 10. Qxh4 Nxh4 11. g3 Ng6 12. Nf3 Nc6 13. h4 Bc7 14. Bxg6 hxg6 15.
Nbd2 a5 16. b5 Ne7 17. a4 b6 18. Bd4 Bb7 19. Nb3 Nf5 20. c3 Bd8 21. Kd2 Rc8 22.
Kd3 Kd7 23. Nfd2 Nxd4 24. cxd4 Be7 25. Rac1 Bb4 26. Rxc8 Rxc8 27. Rc1 Rh8 28.
Nf3 Be7 29. Nbd2 Rh5 30. Nf1 g5 31. g4 Rh8 32. hxg5 Rh3 33. Ng3 Rh8 34. Ke3 g6
35. Kf4 Bb4 36. Nf1 Rh1 37. Ke3 Rh3 38. Ng3 Rh8 39. Ne2 Rh3 40. Nf4 Rh8 41. Nd3
Be7 42. Ke2 Rh3 43. Rg1 Rh8 44. Rc1 Rc8 45. Rxc8 Bxc8 46. Nf4 Bb7 47. Nh3 Bf8
48. Nh4 Ke7 49. f4 Ke8 50. Kd3 Be7 51. Ng2 Kf8 52. Ne3 Kg7 53. f5 Bd8 54. Ke2
Bc8 55. f6+ Kf8 56. Nf4 Ke8 57. Neg2 Kf8 58. Nh4 Bd7 59. Nfxg6+ fxg6 60. Nxg6+
Kg8 61. Nf4 Kf7 62. g6+ Kg8 63. g5 Kf8 64. g7+ Kg8 65. g6 Be8 66. Kf3 Bc7 67.
Kg4 Bd8 68. Kg5 Bxf6+ 69. Kxf6 Bxg6 70. Nxg6 Kh7 71. Ne7 Kh6 72. g8=Q Kh5 73.
Qg5# 1-0

[Event "Women's Speed Chess Q7"]
[Site "chess.com INT"]
[Date "2021.06.06"]
[Round "8"]
[White "Von Herman, Brigitte"]
[Black "Bommini, Mounika Akshaya"]
[Result "0-1"]
[WhiteTitle "WFM"]
[BlackTitle "WFM"]
[WhiteElo "1991"]
[BlackElo "2029"]
[WhiteFideId "4628730"]
[BlackFideId "25019872"]
[EventDate "2021.06.06"]

1. e4 Nc6 2. Nf3 d6 3. d4 Nf6 4. Bd3 Bg4 5. c3 e5 6. Be3 Be7 7. h3 Bh5 8. O-O
O-O 9. a3 Qd7 10. Re1 exd4 11. cxd4 Rfe8 12. Nc3 Bf8 13. Bc2 Bg6 14. Bg5 Nh5 15.
Nh4 Be7 16. Bxe7 Qxe7 17. Nxg6 hxg6 18. Qd3 Qg5 19. Rad1 Nf4 20. Qf3 Re7 21. Qg3
Qf6 22. Nd5 Nxd5 23. exd5 Rxe1+ 24. Rxe1 Nxd4 25. Bb1 Nf5 26. Qf3 Qxb2 27. Bxf5
gxf5 28. Qxf5 Qc3 29. Rd1 Re8 30. Qd7 Re5 31. Qd8+ Kh7 32. Qh4+ Kg6 33. Qg4+ Kf6
34. Rf1 Qd3 35. Qh4+ g5 36. Qh6+ Qg6 37. Qh8+ Qg7 38. Qd8+ Kg6 39. Qxc7 Rxd5 40.
Qxb7 Qe5 41. Qxa7 Rd3 42. Qa4 f5 43. Qc2 Rc3 44. Qd2 Qc5 45. Rd1 Rc2 46. Qxd6+
Qxd6 47. Rxd6+ Kh5 48. a4 Ra2 49. Rd5 Rxa4 50. Rxf5 Ra1+ 51. Kh2 Ra2 52. f3 Kh4
53. Rf8 Kh5 54. Rh8+ Kg6 55. Rg8+ Kf5 56. Kg3 Rc2 57. Rf8+ Kg6 58. Kg4 Rxg2# 0-1

[Event "Women's Speed Chess Q7"]
[Site "chess.com INT"]
[Date "2021.06.06"]
[Round "8"]
[White "Gaponenko, Inna"]
[Black "Kashlinskaya, Alina"]
[Result "1-0"]
[WhiteTitle "IM"]
[BlackTitle "IM"]
[WhiteElo "2357"]
[BlackElo "2494"]
[WhiteFideId "14101181"]
[BlackFideId "4198026"]
[EventDate "2021.06.06"]

1. e4 e6 2. d4 d5 3. exd5 exd5 4. Nf3 Bd6 5. c4 Nf6 6. Nc3 O-O 7. cxd5 Re8+ 8.
Be2 Nbd7 9. Bg5 h6 10. Bh4 Nb6 11. O-O Be7 12. Bxf6 Bxf6 13. Qb3 a5 14. a4 Qd6
15. Nb5 Qd8 16. Bc4 Bg4 17. Rac1 Bxf3 18. Qxf3 Nxa4 19. d6 Nxb2 20. Nxc7 Qxd6
21. Nxa8 Nxc4 22. Rxc4 Rxa8 23. Qxb7 Rd8 24. Ra4 Bxd4 25. Rxa5 Qf4 26. Ra2 Be5
27. g3 Qd4 28. Kg2 h5 29. Re2 h4 30. Qe4 Qxe4+ 31. Rxe4 Bf6 32. gxh4 Kh7 33. Kg3
Rd3+ 34. f3 Rd2 35. Rf2 Rd1 36. Rfe2 g6 37. Kg4 Rg1+ 38. Kh3 Rf1 39. Rf4 Kg7 40.
Kg3 Bd8 41. Rc2 Bf6 42. Kg4 Rg1+ 43. Kh3 Rf1 44. Kg2 Ra1 45. Rg4 Be5 46. h5 Kh6
47. hxg6 fxg6 48. Rc6 Ra2+ 49. Kf1 Ra1+ 50. Ke2 Ra2+ 51. Ke3 Rxh2 52. Rgxg6+ Kh7
53. Rge6 Bg7 54. Rc7 Rg2 55. Ree7 Kh6 56. Rxg7 Rxg7 57. Rxg7 Kxg7 58. Ke4 Kg6
59. Ke5 Kf7 60. Kf5 Ke7 61. Kg6 Ke6 62. f4 Ke7 63. f5 Kd6 64. f6 1-0

[Event "Women's Speed Chess Q7"]
[Site "chess.com INT"]
[Date "2021.06.06"]
[Round "8"]
[White "Avramidou, Anastasia"]
[Black "Bodnaruk, Anastasia"]
[Result "0-1"]
[WhiteTitle "FM"]
[BlackTitle "IM"]
[WhiteElo "2238"]
[BlackElo "2446"]
[WhiteFideId "4239873"]
[BlackFideId "4181751"]
[EventDate "2021.06.06"]

1. d4 Nf6 2. c4 g6 3. Nc3 Bg7 4. e4 d6 5. Bd3 O-O 6. Nge2 e5 7. d5 a5 8. O-O Na6
9. Kh1 Nc5 10. Bc2 Nh5 11. Be3 b6 12. Rb1 f5 13. exf5 gxf5 14. f4 Qh4 15. Qe1
Qe7 16. Qf2 Bd7 17. Rbe1 Rae8 18. a3 Nf6 19. h3 Nh5 20. b4 axb4 21. axb4 Na6 22.
b5 Nc5 23. Bxc5 bxc5 24. Nd1 Bh6 25. fxe5 dxe5 26. Ng3 Nf4 27. Ne3 Qg5 28. Rg1
Kh8 29. Nef1 Rg8 30. Qxc5 Rg7 31. Qxc7 Bxb5 32. Qc5 Bd7 33. Bb1 Ng6 34. Qf2 Nh4
35. c5 e4 36. c6 Bc8 37. d6 e3 38. Rxe3 Rxe3 39. Nxe3 Qxe3 40. Qxe3 Bxe3 41. Re1
f4 42. Nh5 Ra7 43. d7 Bxd7 44. cxd7 Rxd7 45. Nf6 Rd6 46. Nxh7 Rd2 47. Ng5 Nxg2
48. Rf1 Nh4 49. Nf3 Nxf3 50. Rxf3 Rd1+ 51. Kg2 Rxb1 52. h4 Rb2+ 53. Kh3 Kh7 54.
Kg4 Kg6 55. h5+ Kh6 56. Kf5 Rb5+ 57. Kg4 Rg5+ 58. Kh4 Rxh5+ 59. Kg4 Rg5+ 60. Kh4
Rg1 61. Kh3 Kg6 62. Kh2 Rg5 63. Rf1 Kf5 64. Rb1 Ke4 65. Rb4+ Kd3 66. Rb3+ Ke2
67. Rb2+ Bd2 68. Rc2 f3 69. Rc4 f2 70. Re4+ Be3 0-1

[Event "Women's Speed Chess Q7"]
[Site "chess.com INT"]
[Date "2021.06.06"]
[Round "8"]
[White "Tarasova, Viktoriya"]
[Black "Purtseladze, Maka"]
[Result "0-1"]
[WhiteTitle "WIM"]
[BlackTitle "IM"]
[WhiteElo "2226"]
[BlackElo "2274"]
[WhiteFideId "4175840"]
[BlackFideId "13602659"]
[EventDate "2021.06.06"]

1. d4 Nf6 2. c4 Nc6 3. d5 Ne5 4. Qd4 Ng6 5. e4 e5 6. Qd3 Bb4+ 7. Nc3 O-O 8. h4
Bxc3+ 9. bxc3 h6 10. g3 d6 11. h5 Ne7 12. Be2 Nd7 13. Nf3 Nc5 14. Qc2 f5 15. Nd2
fxe4 16. Nxe4 Bf5 17. Bf3 Qe8 18. Be3 Nxe4 19. Bxe4 Bxe4 20. Qxe4 Qf7 21. Kd2 b6
22. g4 Qf3 23. Qxf3 Rxf3 24. Rhg1 Raf8 25. a4 a5 26. Rg2 Rh3 27. Rag1 Rf7 28. g5
Rxh5 29. gxh6 g6 30. Bg5 Nf5 31. Be3 Nh4 32. Rxg6+ Nxg6 33. Rxg6+ Kh7 34. Re6
Rhf5 35. Ke2 R5f6 36. Re8 Rf8 37. Re7+ R6f7 38. Re6 Rg8 39. Ke1 Rg1+ 40. Ke2 Ra1
41. Re8 Rxa4 42. Kd3 Ra1 43. Ra8 a4 44. Ra7 a3 45. Kc2 Kg6 46. Kb3 a2 47. Rxa2
Rxa2 48. Kxa2 Kf5 49. Kb3 Ke4 50. Kc2 b5 51. cxb5 Kxd5 52. b6 cxb6 53. Bxb6 Kc4
54. Be3 d5 55. Kd1 d4 56. cxd4 exd4 57. Bd2 Rxf2 58. Bg5 Rh2 59. Bd2 Kd3 60. Ke1
Rxd2 61. h7 Rh2 62. h8=Q Rxh8 63. Kf2 Kd2 64. Kf3 d3 65. Kf4 Re8 66. Kf5 Ke2 67.
Kf6 d2 68. Kf7 Re3 69. Kf6 d1=Q 70. Kf5 Qf1+ 71. Kg5 Ke1 72. Kh6 Rg3 73. Kh7
Qh3# 0-1

[Event "Women's Speed Chess Q7"]
[Site "chess.com INT"]
[Date "2021.06.06"]
[Round "8"]
[White "Chu, Ruotong"]
[Black "Luong, Phuong Hanh"]
[Result "1-0"]
[WhiteTitle "WIM"]
[BlackTitle "WIM"]
[WhiteElo "2207"]
[BlackElo "2229"]
[WhiteFideId "8605653"]
[BlackFideId "12401013"]
[EventDate "2021.06.06"]

1. d4 Nf6 2. Nf3 g6 3. g3 Bg7 4. Bg2 O-O 5. O-O d5 6. c4 c6 7. Nc3 dxc4 8. Bf4
Be6 9. Ng5 Bd5 10. e4 h6 11. exd5 hxg5 12. dxc6 Nxc6 13. Bxg5 Rc8 14. d5 Ne5 15.
Qd4 Nd3 16. Qxa7 Nxb2 17. Qxb7 Nd3 18. Bd2 Ng4 19. Bh3 Nde5 20. f3 Rb8 21. Qa6
Nf6 22. Rab1 Nd3 23. Rxb8 Qxb8 24. Qxc4 Ne5 25. Qb3 Qc7 26. Bf4 Qc5+ 27. Kh1 Nd3
28. Ne4 Qd4 29. Nxf6+ Bxf6 30. Qc2 Nxf4 31. gxf4 Rd8 32. Bg2 Qxf4 33. Rd1 Be5
34. Bf1 Qxf3+ 35. Bg2 Qf4 36. Bf1 Kg7 37. Qg2 Rh8 38. Rd2 Rxh2+ 39. Qxh2 Qxf1+
40. Qg1 Qh3+ 41. Rh2 Bxh2 42. Qxh2 Qf3+ 43. Qg2 Qd1+ 44. Kh2 Qh5+ 45. Kg1 Qe5
46. Qd2 Qa1+ 47. Kg2 f6 48. Qe2 Kf8 49. Qc4 Qb2+ 50. Kg3 Qa3+ 51. Kg2 g5 52.
Qc8+ Kg7 53. Qc4 f5 54. Kf2 g4 55. Qd4+ Kg6 56. Qb6+ Kh5 57. Qe3 Qxa2+ 58. Kg3
Qxd5 59. Qxe7 Qf3+ 60. Kh2 Qh3+ 61. Kg1 Qg3+ 62. Kf1 Qf4+ 63. Kg1 1-0

[Event "Women's Speed Chess Q7"]
[Site "chess.com INT"]
[Date "2021.06.06"]
[Round "8"]
[White "Sviridova, Vlada"]
[Black "Vantika, Agrawal"]
[Result "1-0"]
[WhiteTitle "WFM"]
[BlackTitle "WIM"]
[WhiteElo "2144"]
[BlackElo "2286"]
[WhiteFideId "24109606"]
[BlackFideId "25050389"]
[EventDate "2021.06.06"]

1. d4 d6 2. c4 e5 3. Nf3 e4 4. Nfd2 f5 5. e3 Nf6 6. Be2 g6 7. Nc3 Bg7 8. b3 O-O
9. Bb2 c6 10. Qc2 Nbd7 11. h3 d5 12. O-O-O a5 13. Kb1 dxc4 14. Nxc4 Nd5 15. Nxd5
cxd5 16. Ne5 Nf6 17. Qc5 Be6 18. Rc1 Rc8 19. Qb5 Qe7 20. Qxa5 Nd7 21. Ba3 Qd8
22. Qxd8 Rfxd8 23. Be7 Re8 24. Rxc8 Rxc8 25. Nxd7 Bxd7 26. Rc1 Bc6 27. Bb5 Kf7
28. Bb4 f4 29. Bxc6 bxc6 30. Bd6 fxe3 31. fxe3 Ke6 32. Bg3 Bh6 33. Rc3 Kd7 34.
Kb2 Rf8 35. a4 Rf6 36. b4 Bf8 37. Kb3 g5 38. b5 cxb5 39. axb5 h5 40. Rc7+ Kd8
41. Ra7 h4 42. Be5 Rf1 43. Ra8+ Kd7 44. Ra7+ Ke6 45. Kc2 Rf2+ 46. Kb3 Rf1 47.
Ka2 Be7 48. b6 Rf2+ 49. Kb3 Re2 50. b7 Rxe3+ 51. Kc2 Re2+ 52. Kd1 Rb2 53. b8=Q
Rxb8 54. Bxb8 Bf6 55. Be5 Bxe5 56. dxe5 Kxe5 57. Re7+ Kf4 58. Ke2 d4 59. Rf7+
Kg3 60. Kf1 d3 61. Rd7 Kf4 62. Rd4 Ke3 63. Rd5 d2 64. Rd6 Kf4 65. Rxd2 e3 66.
Re2 Kg3 67. Rxe3+ Kh2 68. Re2 Kg3 69. Kg1 g4 70. hxg4 Kxg4 71. Re3 Kg5 72. Rh3
Kg4 73. Kf2 Kg5 74. Kf3 Kh5 75. Kf4 Kg6 76. Rxh4 Kf6 77. Rh6+ Kg7 78. Ra6 1-0

[Event "Women's Speed Chess Q7"]
[Site "chess.com INT"]
[Date "2021.06.06"]
[Round "8"]
[White "Dauletova, Gulmira"]
[Black "Grineva, Marianna"]
[Result "1-0"]
[WhiteTitle "WGM"]
[BlackTitle "WFM"]
[WhiteElo "2257"]
[BlackElo "2029"]
[WhiteFideId "13702971"]
[BlackFideId "14102013"]
[EventDate "2021.06.06"]

1. e4 c5 2. Nf3 Nc6 3. d4 cxd4 4. Nxd4 Nf6 5. Nc3 g6 6. Nxc6 bxc6 7. e5 Ng8 8.
Bc4 Bg7 9. f4 Nh6 10. O-O O-O 11. Be3 d5 12. exd6 exd6 13. Bd4 Nf5 14. Bxg7 Kxg7
15. Rf2 Qb6 16. Bb3 d5 17. Na4 Qe3 18. Qe1 Qd4 19. Rd1 Qf6 20. Nc5 Be6 21. c3
Rae8 22. Qd2 Bc8 23. Re1 Rxe1+ 24. Qxe1 h5 25. a4 Nd6 26. Bc2 Re8 27. Qd2 Nc4
28. Qc1 Ne3 29. Bd3 Ng4 30. Rf1 Bf5 31. Qd2 Re3 32. b4 Bxd3 33. Nxd3 Qf5 34. Nc5
Qf6 35. h3 Rxc3 36. hxg4 Rc4 37. g5 Qf5 38. a5 Kh7 39. Qe1 Rc2 40. Qd1 h4 41.
Qd3 Qxd3 42. Nxd3 Rc4 43. Re1 Rd4 44. Re3 Kg7 45. Kf2 Rc4 46. Ke2 d4 47. Re4
Rc2+ 48. Kf3 Rc4 49. Re7 Rc3 50. Ke4 Rc2 51. Kxd4 Rxg2 52. Ne5 Rd2+ 53. Kc3 Rf2
54. Rxf7+ Kg8 55. Rf6 h3 56. Rxg6+ Kf8 57. Nd3 Rg2 58. Rh6 h2 59. g6 Kg7 60. Rh4
Kxg6 61. Ne5+ Kf5 62. Kd4 a6 63. Kc5 Rd2 64. Kxc6 Rc2+ 65. Kb6 Rb2 66. Kxa6 Rxb4
67. Rxh2 Rxf4 68. Nc6 Ra4 69. Kb5 Ra1 70. Rb2 Rb1 71. Rxb1 Ke6 72. a6 Kd6 73. a7
Kc7 74. a8=Q Kd6 75. Rd1+ Ke6 76. Re1+ Kf5 77. Rf1+ Kg6 78. Rg1+ Kh7 79. Qb7+
Kh6 80. Qg7+ Kh5 81. Qg5# 1-0

[Event "Women's Speed Chess Q7"]
[Site "chess.com INT"]
[Date "2021.06.06"]
[Round "9"]
[White "Vine, Elzbieta"]
[Black "Pandey, Srishti"]
[Result "0-1"]
[WhiteTitle "WFM"]
[BlackTitle "WFM"]
[WhiteElo "2138"]
[BlackElo "2026"]
[WhiteFideId "1119320"]
[BlackFideId "35093290"]
[EventDate "2021.06.06"]

1. e4 e6 2. d4 d5 3. exd5 exd5 4. Bd3 Bd6 5. h3 Nc6 6. Nf3 Nge7 7. O-O Bf5 8. c3
Qd7 9. Re1 O-O-O 10. b4 f6 11. b5 Nb8 12. a4 Ng6 13. Bxf5 Qxf5 14. a5 a6 15. b6
cxb6 16. axb6 Rde8 17. Be3 Nd7 0-1

[Event "Women's Speed Chess Q7"]
[Site "chess.com INT"]
[Date "2021.06.06"]
[Round "9"]
[White "Petrova, Irina"]
[Black "Tokhirjonova, Gulrukhbegim"]
[Result "0-1"]
[WhiteTitle "WIM"]
[BlackTitle "WGM"]
[WhiteElo "2110"]
[BlackElo "2344"]
[WhiteFideId "14124122"]
[BlackFideId "14203626"]
[EventDate "2021.06.06"]

1. e4 e5 2. Bc4 Bc5 3. d4 Bxd4 4. Nf3 Nc6 5. c3 Bc5 6. b4 Bb6 7. b5 Na5 8. Bd3
d6 9. O-O Nf6 10. Bg5 h6 11. Bh4 Bg4 12. h3 Bh5 13. Nbd2 Qe7 14. Qa4 O-O-O 15.
Nb3 Nxb3 16. axb3 Bxf3 17. gxf3 g5 18. Bg3 Qd7 19. c4 Qxh3 20. b4 Qxg3+ 21. Kh1
Qh3+ 22. Kg1 Qg3+ 23. Kh1 Qxf3+ 24. Kg1 Ng4 25. c5 dxc5 26. Bc4 cxb4 0-1

[Event "Women's Speed Chess Q7"]
[Site "chess.com INT"]
[Date "2021.06.06"]
[Round "9"]
[White "Head, Louise"]
[Black "Golubenko, Valentina"]
[Result "0-1"]
[WhiteTitle "WFM"]
[BlackTitle "WGM"]
[WhiteElo "2090"]
[BlackElo "2209"]
[WhiteFideId "424773"]
[BlackFideId "4501993"]
[EventDate "2021.06.06"]

1. d4 g6 2. c4 Bg7 3. e4 c5 4. d5 Nf6 5. Bd3 d6 6. Ne2 O-O 7. O-O e6 8. Nbc3
exd5 9. exd5 Nbd7 10. Bg5 Ne5 11. Ne4 Nxd3 12. Qxd3 Bf5 13. N2g3 Re8 14. Nxf6+
Bxf6 15. Nxf5 Bxg5 16. Ng3 Bf6 17. Qc2 Bd4 18. Rfe1 Qd7 19. h3 Rxe1+ 20. Rxe1
Re8 21. Rxe8+ Qxe8 22. Ne4 Qe5 23. b3 f5 24. Ng5 Qe1+ 25. Kh2 Bxf2 26. Nf3 Bg3# 0-1

[Event "Women's Speed Chess Q7"]
[Site "chess.com INT"]
[Date "2021.06.06"]
[Round "9"]
[White "Vantika, Agrawal"]
[Black "Nguyen, Hong Ngoc"]
[Result "1-0"]
[WhiteTitle "WIM"]
[BlackTitle "WCM"]
[WhiteElo "2286"]
[BlackElo "1957"]
[WhiteFideId "25050389"]
[BlackFideId "12403083"]
[EventDate "2021.06.06"]

1. Nf3 d5 2. g3 c6 3. Bg2 g6 4. O-O Bg7 5. c4 Nf6 6. d4 dxc4 7. a4 a6 8. a5 Nbd7
9. Qa4 O-O 10. Qxc4 Qc7 11. Nc3 e6 12. Bf4 Qd8 13. e4 Nh5 14. Bd6 Re8 15. e5 Bf8
16. Bxf8 Nxf8 17. h4 Ng7 18. Ne4 Nf5 19. Nf6+ Kg7 20. Nxe8+ Qxe8 21. Rfd1 Ne7
22. Ng5 Nd5 23. Ne4 Nd7 24. Nd6 Qe7 25. Ra3 f6 26. h5 fxe5 27. dxe5 Nxe5 28. Qc5
Nf7 29. Rxd5 exd5 30. Nf5+ Kg8 31. Nxe7+ Kg7 32. hxg6 hxg6 33. Nxc8 Rxc8 34. Qe7
Kg8 35. Rf3 Rf8 36. Bh3 Kg7 37. Be6 Kh6 38. Rxf7 Rh8 39. Qh4# 1-0

[Event "Women's Speed Chess Q7"]
[Site "chess.com INT"]
[Date "2021.06.06"]
[Round "9"]
[White "Eswaran, Ashritha"]
[Black "Nikolova, Adriana"]
[Result "1/2-1/2"]
[WhiteTitle "WIM"]
[BlackTitle "WGM"]
[WhiteElo "2244"]
[BlackElo "2243"]
[WhiteFideId "2080788"]
[BlackFideId "2908689"]
[EventDate "2021.06.06"]

1. e4 c6 2. d4 d5 3. Nc3 dxe4 4. Nxe4 Nf6 5. Nxf6+ exf6 6. c3 Bd6 7. Bd3 O-O 8.
Qc2 Re8+ 9. Ne2 h6 10. Be3 Nd7 11. O-O-O Nf8 12. Kb1 Be6 13. c4 b5 14. c5 Be7
15. h3 Qa5 16. Nc1 b4 17. Nb3 Qd8 18. g4 a5 19. Nd2 a4 20. Qc1 Qd7 21. Nc4 Qd5
22. Rhg1 f5 23. gxf5 Bxf5 24. Bxf5 Qxf5+ 25. Ka1 Kh8 26. Bxh6 gxh6 27. Qxh6+ Qh7
28. Qxc6 Ne6 29. Ne5 Bf6 30. Ng4 Bxd4 31. Rxd4 Nxd4 32. Qf6+ Qg7 33. Qh4+ Qh7
34. Qf6+ Qg7 35. Qh4+ Qh7 36. Qf6+ 1/2-1/2

[Event "Women's Speed Chess Q7"]
[Site "chess.com INT"]
[Date "2021.06.06"]
[Round "9"]
[White "Ziegenfuss, Antonia"]
[Black "Zaichenko, Daria"]
[Result "1-0"]
[WhiteTitle "WFM"]
[BlackTitle "WFM"]
[WhiteElo "2157"]
[BlackElo "2104"]
[WhiteFideId "12962554"]
[BlackFideId "4197453"]
[EventDate "2021.06.06"]

1. d4 d5 2. c4 e6 3. Nc3 Be7 4. cxd5 Nf6 5. dxe6 Bxe6 6. e4 Bb4 7. f3 O-O 8. Be3
c6 9. a3 Bxc3+ 10. bxc3 Qa5 11. Qd2 Nbd7 12. Bd3 Rfe8 13. Ne2 Qc7 14. O-O Rad8
15. Qc2 b6 16. e5 Nd5 17. Bd2 h6 18. f4 f5 19. Bxf5 Bxf5 20. Qxf5 Rf8 21. Qg4 c5
22. f5 cxd4 23. Bxh6 Nxe5 24. Qg3 d3 25. Nd4 Kh7 26. Ne6 Qf7 27. Bxg7 Qh5 28.
Nxf8+ Rxf8 29. Bxf8 Ng4 30. h3 Nde3 31. hxg4 Qf7 32. Qxe3 Qxf8 33. Qxd3 Qc5+ 34.
Qd4 Qc7 35. Kf2 Kh6 36. Rh1+ Kg5 37. Rh5# 1-0

[Event "Women's Speed Chess Q7"]
[Site "chess.com INT"]
[Date "2021.06.06"]
[Round "9"]
[White "Grineva, Marianna"]
[Black "Obregon Garcia, Roxangel"]
[Result "0-1"]
[WhiteTitle "WFM"]
[BlackTitle "WIM"]
[WhiteElo "2029"]
[BlackElo "2167"]
[WhiteFideId "14102013"]
[BlackFideId "3520420"]
[EventDate "2021.06.06"]

1. e4 c5 2. Nf3 Nc6 3. Nc3 d6 4. d3 Nf6 5. Be2 g6 6. Be3 Bg7 7. O-O O-O 8. h3 e6
9. Qd2 b6 10. a3 d5 11. exd5 exd5 12. Bg5 Qd6 13. Nb5 Qd7 14. Bh6 Ba6 15. a4
Rfe8 16. Bxg7 Kxg7 17. Nh2 Ne5 18. Nc3 d4 19. Ne4 Nxe4 20. dxe4 Bxe2 21. Qxe2 f5
22. exf5 Qxf5 23. Rfe1 Rad8 24. Qa6 Re7 25. a5 bxa5 26. Qxa5 c4 27. Qxd8 d3 28.
cxd3 Rf7 29. f3 Nxd3 30. Re7 Qc5+ 31. Kh1 Nf2+ 32. Kg1 Nxh3+ 33. Kh1 Qg1+ 34.
Rxg1 Nf2# 0-1

[Event "Women's Speed Chess Q7"]
[Site "chess.com INT"]
[Date "2021.06.06"]
[Round "9"]
[White "Zhou, Qiyu"]
[Black "Frayna, Janelle Mae"]
[Result "1-0"]
[WhiteTitle "FM"]
[BlackTitle "WGM"]
[WhiteElo "2229"]
[BlackElo "2179"]
[WhiteFideId "505161"]
[BlackFideId "5212499"]
[EventDate "2021.06.06"]

1. e4 e5 2. Nf3 Nc6 3. Bb5 a6 4. Ba4 Nf6 5. O-O Nxe4 6. d4 exd4 7. Re1 d5 8.
Nxd4 Bd7 9. f3 Bc5 10. c3 O-O 11. fxe4 dxe4 12. Rxe4 Bf5 13. Bxc6 bxc6 14. Rf4
Bg6 15. Be3 Rb8 16. b4 Bd6 17. Rf1 Qe7 18. Bf2 Be4 19. Nd2 Bd5 20. N2f3 c5 21.
Nf5 Qe4 22. Nxd6 cxd6 23. Qe1 Qg6 24. Nh4 Qg4 25. Bg3 Rfd8 26. Qf2 Be6 27. Nf5
cxb4 28. cxb4 Qxb4 29. Ne7+ Kh8 30. Nc6 Qb2 31. Nxd8 Qxf2+ 32. Rxf2 Rxd8 33. Rd1
Bc4 34. Rxd6 1-0

[Event "Women's Speed Chess Q7"]
[Site "chess.com INT"]
[Date "2021.06.06"]
[Round "9"]
[White "Bodnaruk, Anastasia"]
[Black "Gunina, Valentina"]
[Result "0-1"]
[WhiteTitle "IM"]
[BlackTitle "GM"]
[WhiteElo "2446"]
[BlackElo "2436"]
[WhiteFideId "4181751"]
[BlackFideId "4167570"]
[EventDate "2021.06.06"]

1. e4 c6 2. Nf3 d5 3. exd5 cxd5 4. Ne5 Nc6 5. d4 Nf6 6. c3 e6 7. f4 Bd6 8. Bd3
O-O 9. O-O Ne4 10. Nd2 f5 11. Ndf3 Nxe5 12. fxe5 Be7 13. c4 b6 14. Be3 Bb7 15.
Rc1 Rc8 16. c5 bxc5 17. dxc5 Bxc5 18. Bxc5 Nxc5 19. Nd4 Qb6 20. Be2 Ne4 21. Rxc8
Rxc8 22. Kh1 Qxb2 23. Nb5 Nf2+ 24. Rxf2 Rc1 25. Qxc1 Qxc1+ 26. Rf1 Qe3 27. Bf3
Ba6 28. a4 Qxe5 29. Rc1 Qb2 30. Re1 Bxb5 31. axb5 Kf7 32. h3 Qxb5 33. Ra1 a5 34.
Kh2 Qb8+ 35. Kg1 Qb4 36. Kh2 a4 0-1

[Event "Women's Speed Chess Q7"]
[Site "chess.com INT"]
[Date "2021.06.06"]
[Round "9"]
[White "Perez Rodriguez, Jennifer"]
[Black "Cori T., Deysi"]
[Result "0-1"]
[WhiteTitle "WIM"]
[BlackTitle "WGM"]
[WhiteElo "2251"]
[BlackElo "2388"]
[WhiteFideId "3507831"]
[BlackFideId "3801934"]
[EventDate "2021.06.06"]

1. e4 e6 2. d4 d5 3. Bd3 a6 4. e5 c5 5. c3 Nc6 6. Ne2 b5 7. f4 b4 8. O-O bxc3 9.
bxc3 cxd4 10. cxd4 Nb4 11. Nbc3 Nxd3 12. Qxd3 Nh6 13. Ng3 Be7 14. f5 Nxf5 15.
Nxf5 exf5 16. Qf3 Be6 17. Rb1 Rc8 18. Bd2 O-O 19. Rfc1 Rc4 20. Ne2 Qd7 21. Be3
Rfc8 22. Rd1 Rc2 23. Rd2 Rxd2 24. Bxd2 Qa4 25. Rf1 Qxa2 26. Be3 Rc2 27. Nf4 h6
28. Qg3 Bg5 29. Nxe6 Bxe3+ 30. Kh1 fxe6 31. Qg6 Rf2 32. Rg1 Qe2 33. Qxe6+ Kh7
34. Qxd5 Rf1 0-1

[Event "Women's Speed Chess Q7"]
[Site "chess.com INT"]
[Date "2021.06.06"]
[Round "9"]
[White "Komiagina, Maria"]
[Black "Ortez, Andrea"]
[Result "1-0"]
[WhiteTitle "WIM"]
[BlackTitle "WIM"]
[WhiteElo "2241"]
[BlackElo "1969"]
[WhiteFideId "4153987"]
[BlackFideId "6702392"]
[EventDate "2021.06.06"]

1. d4 d5 2. Bf4 Nf6 3. e3 c5 4. Nf3 Nc6 5. Nbd2 Bg4 6. c3 e6 7. Bb5 a6 8. Bxc6+
bxc6 9. Qa4 Rc8 10. Ne5 Qb6 11. O-O Be7 12. dxc5 Bxc5 13. Nb3 Be7 14. Bg5 Bf5
15. Rfe1 O-O 16. Bxf6 Bxf6 17. Nd7 Qc7 18. Nxf6+ gxf6 19. Qh4 Kg7 20. Nd4 Bg6
21. f4 f5 22. Nf3 Qd8 23. Qf2 Qf6 24. Ne5 c5 25. Red1 Rfd8 26. Rd2 Rd6 27. Rad1
Rcd8 28. c4 d4 29. exd4 cxd4 30. Rxd4 Rxd4 31. Rxd4 Rxd4 32. Qxd4 Kg8 33. h3 Qe7
34. Nc6 1-0